000 00257nam a22001217a 4500
008 181024b xxu||||| |||| 00| 0 eng d
041 _aeng
080 _a574
100 _a9
101 _aMJE
245 _aGrammar And Beyond
_cBlasss.L
942 _2udc
_cBK
999 _c50780
_d50780